LEADER 00891nam a2200205 i 4500 001 000000224217 003 CaOOAMICUS 005 20131028000000.0 008 131028s1830 it u000 u lat u 013 $a203115 026 $aI.OR isua 4.um neno (3) 1830 (R) 040 $aSeMil$bita 245 10$aTomus 19. 300 $a[4], 664 p. 773 0 $aGuillon, Marie Nicolas Sylvestre <1760-1847>$tCollectio selecta SS. Ecclesiae Patrum, complectens exquisitissima opera tum dogmatica et moralia, tum apologetica et oratoria; accurantibus D. Caillau ... una cum D.M.N.S. Guillon ..$dParisiis : Apud Méquignon-Havard, 1829-1840 (Parisiis : Typis Decourchant)$g19$w()28977 850 $aSeMil 852 $aSeMil$W1$xVenegono$y1$m2S II 19 FA$j174563$B174563$CSeMilBibl$Z2$F184639 $8I 941 1 $a10 961 $aRecupero: Mantegazza 996 $6245$aTomus 19$9(OLS)http://semarc/title/310306 LEADER 01028nam a2200253 i 4500 001 000000114502 003 CaOOAMICUS 005 20030417000000.0 008 030417s1963 it u000 u ita u 013 $a87188 040 $aSeMil$bita 100 1 $aParenti, Francesco <1925-1990>.$0(OLS)http://semarc/name/12627 245 10$aDal mito alla psicanalisi :$bstoria della psichiatria /$cF. Parenti. 260 $aMilano :$bSilva,$cstampa 1963. 300 $a196 p. ;$c22 cm. 490 0 $aLe situazioni ;$v10 650 4$aPsicanalisi.$0(OLS)http://semarc/subject/1341 650 4$aPsichiatria.$0(OLS)http://semarc/subject/1543 830 3$aLe situazioni [Silva] ;$v10.$0(OLS)http://semarc/title/8063 850 $aSeMil 852 $aSeMil$W1$xVenegono$y1$m316 1 10 *$j70067$B70067$CSeMilBibl$Z2$F75092 $81 961 $aLascito: Longoni don Luigi 996 $6245$aDal mito alla psicanalisi :$bstoria della psichiatria$9(OLS)http://semarc/title/167392 996 $6260$aMilano :$bSilva$9(OLS)http://semarc/publisher/31611